| 000 | 00391nam a2200133Ia 4500 | ||
|---|---|---|---|
| 005 | 20210429153912.0 | ||
| 008 | 210429s9999 xx 000 0 und d | ||
| 082 | _a660 A655I | ||
| 100 |
_aMuhammad Aqib, Muhammad Abdullah, Muhammad Jamal _955035 |
||
| 245 | _aIncorporation of adiabatic pre-reformer at FFC ammonia-II (UG-CHE-2016 | ||
| 260 | _c2016 | ||
| 300 | _a30cm. | ||
| 942 |
_2ddc _cTH |
||
| 999 |
_c561093 _d561093 |
||